000
00272nam a2200121Ia 4500
008
190216s9999||||xx |||||||||||||| ||und||
100
_a
Aman Jindal
245
0
_a
Management Information System
260
_b
Kalyani Pub
300
_a
210
650
_a
Commerce
942
_c
BK
999
_c
7274
_d
7274